Основы космологии
В учебном пособии рассмотрены современные представления о строении Вселенной, обсуждены проблемы происхождения и эволюции Вселенной в целом, а также отдельных ее структур: галактик, звезд, Солнечной системы, Земли. Подробно анализируется теория Большого взрыва. Приводится анализ становления основных...
Salvato in:
| Autore principale: | |
|---|---|
| Natura: | Книга |
| Lingua: | Russian |
| Pubblicazione: |
Санкт-Петербург
Лань
2022
|
| Edizione: | 3-е изд., стер. |
| Soggetti: | |
| Accesso online: | https://e.lanbook.com/book/197705 https://e.lanbook.com/img/cover/book/197705.jpg |
| Tags: |
Aggiungi Tag
Nessun Tag, puoi essere il primo ad aggiungerne! !
|
| LEADER | 02916nam0a2200409 i 4500 | ||
|---|---|---|---|
| 001 | 197705 | ||
| 003 | RuSpLAN | ||
| 005 | 20221220174141.0 | ||
| 008 | 221220s2022 ru gs 000 0 rus | ||
| 020 | |a 978-5-8114-9685-3 | ||
| 040 | |a RuSpLAN | ||
| 041 | 0 | |a rus | |
| 044 | |a ru | ||
| 080 | |a 22.632я73 | ||
| 084 | |a 2-17 |2 rubbk | ||
| 245 | 0 | 0 | |a Основы космологии |c Гусейханов М. К. |
| 250 | |a 3-е изд., стер. | ||
| 260 | |a Санкт-Петербург |b Лань |c 2022 | ||
| 300 | |a 192 с. | ||
| 504 | |a Библиогр.: доступна в карточке книги, на сайте ЭБС Лань | ||
| 520 | 8 | |a В учебном пособии рассмотрены современные представления о строении Вселенной, обсуждены проблемы происхождения и эволюции Вселенной в целом, а также отдельных ее структур: галактик, звезд, Солнечной системы, Земли. Подробно анализируется теория Большого взрыва. Приводится анализ становления основных этапов космологической научной картины мира. Пособие предназначено для обучения студентов по курсу «Основы космологии» направлений подготовки «Философия», «Религиоведение», «Астрономия» и будет полезно бакалаврам и магистрам при подготовке к леционным, семинарским занятиям, а также для самостоятельной работы. Книга также представляет интерес для преподавателей вузов и всех, кто интересуется философскими, мировоззренческими и научными проблемами происхождения и развития Вселенной и отдельных ее структур. | |
| 521 | 8 | |a Книга из коллекции Лань - Физика | |
| 653 | 0 | |a космология | |
| 653 | 0 | |a теория относительности | |
| 653 | 0 | |a геометризация физики | |
| 653 | 0 | |a физический вакуум | |
| 653 | 0 | |a вселенная | |
| 653 | 0 | |a мироздание | |
| 653 | 0 | |a темная материя | |
| 653 | 0 | |a галактика | |
| 653 | 0 | |a звезды | |
| 653 | 0 | |a солнечная система | |
| 653 | 0 | |a эволюция земли | |
| 100 | 1 | |a Гусейханов М. К. | |
| 856 | 4 | |u https://e.lanbook.com/book/197705 | |
| 856 | 4 | 8 | |u https://e.lanbook.com/img/cover/book/197705.jpg |
| 953 | |a https://e.lanbook.com/img/cover/book/197705.jpg | ||